Is the end nigh? (Record no. 69359)
[ view plain ]
| 000 -LEADER | |
|---|---|
| fixed length control field | 01364cam a2200241 4500 |
| 001 - CONTROL NUMBER | |
| control field | ABS64993 |
| 008 - FIXED-LENGTH DATA ELEMENTS--GENERAL INFORMATION | |
| fixed length control field | 020124n2002 000 0 eng u |
| 035 ## - SYSTEM CONTROL NUMBER | |
| System control number | (Sirsi) u116436 |
| 100 ## - MAIN ENTRY--PERSONAL NAME | |
| Personal name | Gilbertson, B |
| 245 ## - TITLE STATEMENT | |
| Title | Is the end nigh? |
| 260 ## - PUBLICATION, DISTRIBUTION, ETC. | |
| Date of publication, distribution, etc. | 2002 |
| 490 ## - SERIES STATEMENT | |
| Series statement | Estates Gazette |
| Volume/sequential designation | (0201) 5 January 2002, 60-63(2) |
| 520 ## - SUMMARY, ETC. | |
| Summary, etc. | The first article in a two part series on fighting recession. Argues that business managers who foresee potential problems facing their businesses will avoid going under in recession. Suggests that the increasingcomplexity of business means increased risk for businesses and more factors to consider. Provides a list of warning signs which include severe cash flow problems,stakeholder pressure and loss of key suppliers, customers, staff. Also outlines causes of business decline which can be internally or externally driven. Suggests that stabilising actions can be taken before the business losses cash resources, such as focusing on key performance indicators (KPI). Figures detailing a business demise curve and business risk factors. |
| 590 ## - LOCAL NOTE (RLIN) | |
| Local note | ABS |
| 650 ## - SUBJECT ADDED ENTRY--TOPICAL TERM | |
| Topical term or geographic name entry element | RECESSION |
| 650 ## - SUBJECT ADDED ENTRY--TOPICAL TERM | |
| Topical term or geographic name entry element | PROPERTY INDUSTRY |
| 650 ## - SUBJECT ADDED ENTRY--TOPICAL TERM | |
| Topical term or geographic name entry element | KEY PERFORMANCE INDICATORS |
| 650 ## - SUBJECT ADDED ENTRY--TOPICAL TERM | |
| Topical term or geographic name entry element | MANAGEMENT-BUSINESS MANAGEMENT |
| 650 ## - SUBJECT ADDED ENTRY--TOPICAL TERM | |
| Topical term or geographic name entry element | RISK MANAGEMENT |
| 690 ## - LOCAL SUBJECT ADDED ENTRY--TOPICAL TERM (OCLC, RLIN) | |
| Topical term or geographic name as entry element | MANAGEMENT-BUSINESS MANAGEMENT |
| 700 ## - ADDED ENTRY--PERSONAL NAME | |
| Personal name | Gercke, M |
| 942 ## - ADDED ENTRY ELEMENTS (KOHA) | |
| Suppress in OPAC | 0 |
| Withdrawn status | Lost status | Source of classification or shelving scheme | Damaged status | Not for loan | Home library | Current library | Shelving location | Date acquired | Total Checkouts | Full call number | Barcode | Date last seen | Copy number | Price effective from | Koha item type |
|---|---|---|---|---|---|---|---|---|---|---|---|---|---|---|---|
| Dewey Decimal Classification | London | London | Journal article | 24/01/2002 | ABS64993 | 116436-1001 | 06/08/2019 | 1 | 06/08/2019 | Journal article |